| 000 | 00592nam a22001817a 4500 | ||
|---|---|---|---|
| 008 | 150408b xxu||||| |||| 00| 0 eng d | ||
| 050 | _aLB1739.U58C737 | ||
| 100 |
_aUNISA _916957 |
||
| 245 |
_aComparative religious studies: _bintroduction to the religious of the world _c/by UNISA |
||
| 260 |
_aPretoria _bUniversity of South Africa _c1998 |
||
| 300 |
_avi,141p. ; _c30cm. |
||
| 650 |
_aTeacher training _xManuals _916958 |
||
| 650 |
_aReligions _916994 |
||
| 700 |
_aClasquin, M. _916995 |
||
| 700 |
_aLubbe, G.J.A. _916996 |
||
| 700 |
_aSteyn, H.C. _916989 |
||
| 942 |
_2lcc _cMONOGRAPH |
||
| 999 |
_c122602 _d122602 |
||